000 00389nam a2200133 a 4500
001 000034122
005 20200930070807.0
008 110926s1970 xxu 000 0 spa d
040 _aDO-SdBNP
_bspa
_cBNPHU
245 0 3 _aEl mundo en su mano :
_benciclopedia de datos Ășltiles.
260 _aNueva York :
_bEditora Moderna,
_c1970.
300 _a511 p. :
_bil., retrs ;
_c20 cm.
049 _aBNPD
999 _c33613
_d33613